| 000 | 00408 a2200169 4500 | ||
|---|---|---|---|
| 001 | 46347 | ||
| 020 | _a9788526287037 | ||
| 040 | _cAnchieta - Aquarius | ||
| 100 | _aSantos, Vivaldo Andrade dos | ||
| 240 | 1 | 0 |
_aO rato que roeu a roupa do rei _lpor |
| 245 | 1 | 0 | _aO rato que roeu a roupa do rei |
| 300 | _a | ||
| 362 | 0 | _a2011 | |
| 440 | 1 | _aScipione | |
| 650 | 4 | _aLiteratura infanto-juvenil | |
| 942 | _cBK | ||
| 999 |
_c46347 _d46347 |
||